LEADER 00974nam a2200265 i 4500 001 991003631349707536 005 20020503202149.0 008 010315s1882 it ||| | ita 035 $ab10534210-39ule_inst 035 $aEXGIL124258$9ExL 040 $aBiblioteca Interfacoltà$bita 082 0 $a914.57504 100 1 $aGregorovius, Ferdinand$034151 245 10$aNelle Puglie /$cF. Gregorovius ; versione dal tedesco di Raffaele Mariano con note di viaggio 260 $aFirenze :$bBarbera,$c1882 300 $a451 p., [1] c. di tav. :$britr. ;$c19 cm. 500 $aTit. dell'occhietto 650 4$aPuglia - Descrizioni e viaggi 700 1 $aMariano, Raffaele 907 $a.b10534210$b02-04-14$c27-06-02 912 $a991003631349707536 945 $aLE002 Sal. I F 6$g1$i2002000738394$lle002$o-$pE0.00$q-$rn$so $t0$u0$v0$w0$x0$y.i10613419$z27-06-02 996 $aNelle Puglie$9217613 997 $aUNISALENTO 998 $ale002$b01-01-01$cm$da $e-$fita$git $h0$i1 LEADER 01325nam a2200325 i 4500 001 991000704489707536 005 20020507172511.0 008 980514s1995 uk ||| | eng 020 $a0582248752 035 $ab10745609-39ule_inst 035 $aLE01300983$9ExL 040 $aDip.to Matematica$beng 082 0 $a530.15 084 $aAMS 73-06 100 1 $aGilbert, Robert Pertsch$040418 245 10$aAsymptotic theories for plates and shells /$cR. P. Gilbert and K. Hackl (editors) 260 $aHarlow :$bLongman Scientific & Technical ; New York : John Wiley,$c1995 300 $a131 p. :$bill. ;$c25 cm. 490 0 $aPitman research notes in mathematics series, ISSN 02693674 ;$v319 500 $aIncludes bibliographical references 650 4$aAsymptotic expansions 650 4$aPlates (Engineering)-mathematical models 650 4$aShells (Engineering)-mathematical models 700 1 $aHackl, K.$eauthor$4http://id.loc.gov/vocabulary/relators/aut$031889 907 $a.b10745609$b23-02-17$c28-06-02 912 $a991000704489707536 945 $aLE013 73-XX GIL11 (1995)$g1$i2013000099057$lle013$o-$pE0.00$q-$rl$s- $t0$u0$v0$w0$x0$y.i1083767x$z28-06-02 996 $aAsymptotic theories for plates and shells$9987720 997 $aUNISALENTO 998 $ale013$b01-01-98$cm$da $e-$feng$guk $h0$i1